| 000 | 00781nas a2200265 4500 | ||
|---|---|---|---|
| 001 | BR7600142 | ||
| 003 | BR-BrBNA | ||
| 005 | 20231205082850.0 | ||
| 007 | ta | ||
| 008 | 230509b bl.|||p| |||| 00| 00por d | ||
| 040 |
_aBR-BrBNA _bpor _cBiblioteca Nacional de Agricultura |
||
| 041 | _a(Pt) | ||
| 072 | _aM40 | ||
| 100 | 1 | _aBastos, J.R. | |
| 100 | 1 | _aVieira, G.H.F. | |
| 100 | 1 | _aBeserra, F.J. | |
| 245 | 1 | _aEletroforese de proteinas do musculo de peixes do genero Lutjanus Bloch [Brasil] | |
| 650 | _aPEIXE MARINHO | ||
| 650 | _aELETROFORESE | ||
| 650 | _aPROTEINA | ||
| 650 | _aMUSCULO | ||
| 773 | 0 |
_tArquivos de Ciencias do Mar (Brazil) _xISSN 0041-8854 _g(Jun 1975), v. 15(1) p. 49-51 _wBR7600142 |
|
| 909 |
_a202311 _bLúcia _c55 _dLúcia Elande |
||
| 942 |
_2AGRIS _n0 _cANA |
||
| 999 |
_c94719 _d94719 |
||